Transparency for Innovation Driven Supply Chain Ecosystem – National Approach
Obstarávanie inovácií. Dodávateľský reťazec založený na inováciách - návrh rámcovej štruktúry pre Slovensko podľa zásad jednotého digitálneho trhu a otvorenej vedy.
Salvato in:
| Autore principale: | |
|---|---|
| Altri autori: | , |
| Natura: | Capitolo di libro |
| Lingua: | inglese |
| Soggetti: | |
| Tags: |
Nessun Tag, puoi essere il primo ad aggiungerne!!
|
MARC
| LEADER | 00000naa$a2200000$$$4500 | ||
|---|---|---|---|
| 001 | 0248037 | ||
| 005 | 20240502125909.0 | ||
| 041 | 0 | |a eng | |
| 044 | |a AT | ||
| 245 | 1 | 0 | |a Transparency for Innovation Driven Supply Chain Ecosystem – National Approach |c Radoslav Delina, Peter Húska, Vojtěch Klézl |
| 520 | |a Obstarávanie inovácií. Dodávateľský reťazec založený na inováciách - návrh rámcovej štruktúry pre Slovensko podľa zásad jednotého digitálneho trhu a otvorenej vedy. | ||
| 610 | 2 | 0 | |a inovácia |
| 610 | 2 | 0 | |a reťazce dodávateľsko-odberateľské |
| 610 | 2 | 0 | |a infraštruktúra |
| 610 | 2 | 0 | |a trh jednotný |
| 610 | 2 | 0 | |a Slovensko |
| 100 | 1 | |a Delina, Radoslav | |
| 700 | 1 | |a Húska, Peter, 1981- | |
| 700 | 1 | |a Klézl, Vojtěch | |